Otherside:Journal of Socialist thought and action (Record no. 223823)
[ view plain ]
| 000 -LEADER | |
|---|---|
| fixed length control field | 00514nam a22001817a 4500 |
| 005 - DATE AND TIME OF LATEST TRANSACTION | |
| control field | 20220715130023.0 |
| 008 - FIXED-LENGTH DATA ELEMENTS--GENERAL INFORMATION | |
| fixed length control field | 220715b ||||| |||| 00| 0 eng d |
| 040 ## - CATALOGING SOURCE | |
| Transcribing agency | AL |
| 041 ## - LANGUAGE CODE | |
| Language code of text/sound track or separate title | English |
| 082 ## - DEWEY DECIMAL CLASSIFICATION NUMBER | |
| Edition number | 23 |
| Classification number | 782.421642 |
| Item number | JAIO |
| 100 ## - MAIN ENTRY--PERSONAL NAME | |
| Personal name | Jaya Jaitly |
| 100 ## - MAIN ENTRY--PERSONAL NAME | |
| 9 (RLIN) | 49894 |
| 245 ## - TITLE STATEMENT | |
| Title | Otherside:Journal of Socialist thought and action |
| 260 ## - PUBLICATION, DISTRIBUTION, ETC. | |
| Place of publication, distribution, etc. | New Delhi |
| Name of publisher, distributor, etc. | Pratipaksh prakashan |
| Date of publication, distribution, etc. | 2010 |
| 300 ## - PHYSICAL DESCRIPTION | |
| Extent | 64 p. |
| Other physical details | PB |
| Dimensions | 22x17 cm. |
| 650 ## - SUBJECT ADDED ENTRY--TOPICAL TERM | |
| Topical term or geographic name entry element | Challenge of China |
| 9 (RLIN) | 49895 |
| 700 ## - ADDED ENTRY--PERSONAL NAME | |
| Personal name | JAYA (Jaitly) |
| 9 (RLIN) | 49896 |
| 942 ## - ADDED ENTRY ELEMENTS (KOHA) | |
| Source of classification or shelving scheme | Dewey Decimal Classification |
| Koha item type | George Fernandes Collections |
| Withdrawn status | Lost status | Source of classification or shelving scheme | Damaged status | Not for loan | Collection code | Home library | Current library | Date acquired | Total Checkouts | Full call number | Barcode | Date last seen | Price effective from | Koha item type |
|---|---|---|---|---|---|---|---|---|---|---|---|---|---|---|
| Dewey Decimal Classification | Journalism | St Aloysius Library | St Aloysius Library | 03/23/2013 | 782.421642 JAIO | GF00616 | 07/15/2022 | 07/15/2022 | George Fernandes Collections |